01816nam a2200469 i 450000100060000000300090000600500170001500800410003202000140007304000280008704500170011508000160013208000120014824501790016026000650033930000290040433600270043333700540046033800280051438000170054238000230055949000840058250400460066665800130071265800510072564800140077665100110079065500190080164800140082065000130083465100200084765000240086761000540089165000260094570000530097171000530102483000840107785600980116194200120125999900170127195200580128839198KOSZ 00520240405063126.0981002s1996 enk g 001 0 pol  z870027566 aWA NcWA NdKOSZ 005/RW2 bd1945bd1989 a94(438).083 a314.74300aMateriały do dziejów polskiego uchodźstwa niepodległościowego 1939-1990 :buzupełnienia do tomów I, II, V, VI : praca zbiorowa /credakcja Zbigniew Błażyński. aLondyn :bPolskie Towarzystwo Naukowe na Obczyźnie,c1996. aXVI, 231 stron ;c22 cm. aTekstbtxt2rdacontent aBez urządzenia pośredniczącegobn2rdamedia aWoluminbnc2rdacarrier aKsiążki. aPublikacje naukowe1 aMateriały do Dziejów Polskiego Uchodźstwa Niepodległościowego ;vt. 8. aBibliografia na stronach 192-193. Indeks. aHistoria aPolityka, politologia, administracja publiczna 4a1901-2000 4aPolska 4aPraca zbiorowa 4a1945-1989 4aPolityka 4aWielka Brytania 4aPolacy za granicą24aRząd Rzeczypospolitej Polskiej na uchodźstwie 4aOrganizacje polonijne1 aBłażyński, Zbigniewd(1914-1996).eRedakcja2 aPolskie Towarzystwo Naukowe na Obczyźnie4pbl. 0aMateriały do Dziejów Polskiego Uchodźstwa Niepodległościowego ;vt. 8. uhttp://koha.tu.koszalin.pl/cgi-bin/koha/opac-detail.pl?biblionumber=39198yKatalog online BPK 2UKDcKS c39198d39198 001040718POLBOGaBPKbBPKcmho58228p01541663yKS